[Event "Elit(Vaxjo-Stockholms SS)"]
[Site "Elite stadshotellet, Kungsgat"]
[Date "2020.10.18"]
[Round "9"]
[White "Arman, Deniz"]
[Black "Alle Wahlin, Ambjorn"]
[Result "1/2-1/2"]
[WhiteElo "2318"]
[BlackElo "2257"]
[PlyCount "69"]
[EventDate "2020.??.??"]
1. e4 g6 2. d4 Bg7 3. Nf3 d6 4. Bd3 Nf6 5. O-O O-O 6. c3 Nbd7 7. Nbd2 e5 8. Re1
b6 9. Nf1 Bb7 10. Ng3 Re8 11. a4 d5 12. Bg5 h6 13. Bxf6 Bxf6 14. exd5 exd4 15.
cxd4 Bxd5 16. Be4 Nf8 17. Qd3 Bg7 18. h4 h5 19. Rad1 Qd6 20. Ng5 Bxe4 21. N3xe4
Qd7 22. b3 Ne6 23. d5 Nc5 24. Nxc5 Rxe1+ 25. Rxe1 bxc5 26. Qc4 Bd4 27. Nf3 Qg4
28. Nxd4 Qxd4 29. Qxd4 cxd4 30. Rd1 Rb8 31. Rxd4 Rxb3 32. Rc4 Rb1+ 33. Kh2 Ra1
34. Rxc7 Rxa4 35. g3 1/2-1/2

[Event "Elit(Wasa-Limhamn)"]
[Site "Elite stadshotellet, Kungsgat"]
[Date "2020.10.18"]
[Round "9"]
[White "Wernberg, Hugo"]
[Black "Nylen, Anders"]
[Result "1/2-1/2"]
[WhiteElo "2063"]
[BlackElo "2188"]
[PlyCount "62"]
[EventDate "2020.??.??"]
1. e4 c5 2. Nf3 d6 3. d4 cxd4 4. Nxd4 Nf6 5. Nc3 a6 6. Bg5 e6 7. f4 Be7 8. Qf3
Qc7 9. O-O-O Nbd7 10. g4 b5 11. Bxf6 gxf6 12. f5 Ne5 13. Qh3 O-O 14. Rg1 Kh8
15. Rg3 Rg8 16. Nce2 Bd7 17. Nf4 Rac8 18. Kb1 Qb7 19. Qh6 Nxg4 20. Qh4 Ne5 21.
Bh3 Rxg3 22. hxg3 Rg8 23. Rh1 Rg7 24. fxe6 fxe6 25. Bxe6 Bxe6 26. Nfxe6 Rf7 27.
Nf5 Qc8 28. Neg7 Qg8 29. Ne6 Qc8 30. Neg7 Qg8 31. Ne6 Qc8 1/2-1/2

[Event "Elit(Vaxjo-Stockholms SS)"]
[Site "Elite stadshotellet, Kungsgat"]
[Date "2020.10.18"]
[Round "9"]
[White "Lindahl, Emil"]
[Black "Olund, Joar"]
[Result "0-1"]
[WhiteElo "2179"]
[BlackElo "2322"]
[PlyCount "58"]
[EventDate "2020.??.??"]
1. d4 d5 2. c4 dxc4 3. Nc3 Nf6 4. e3 e6 5. Bxc4 c5 6. Nf3 a6 7. a4 Nc6 8. O-O
Be7 9. b3 O-O 10. Bb2 cxd4 11. exd4 Nb4 12. Qe2 Bd7 13. Ne5 Bc6 14. Nxc6 bxc6
15. Rfd1 a5 16. Rac1 Ra7 17. Ne4 Nxe4 18. Qxe4 Rd7 19. Ba3 Nd5 20. Bxe7 Nxe7
21. Rd3 Rd6 22. Rcd1 Nf5 23. Qe5 Qc7 24. d5 cxd5 25. Bxd5 Qc2 26. g4 Rxd5 27.
Rxd5 exd5 28. Rxd5 Nh4 29. Kf1 Qxb3 0-1

[Event "Elit(Rockaden,Sthlm-LASK)"]
[Site "Elite stadshotellet, Kungsgat"]
[Date "2020.10.18"]
[Round "9"]
[White "Jogstad, Martin"]
[Black "Crevatin, Leo"]
[Result "1/2-1/2"]
[WhiteElo "2302"]
[BlackElo "2247"]
[PlyCount "118"]
[EventDate "2020.??.??"]
1. d4 d5 2. c4 e6 3. Nf3 a6 4. e3 Nf6 5. b3 b6 6. Bd3 Bb7 7. O-O Nbd7 8. Bb2
Bd6 9. Nbd2 O-O 10. Qe2 Ne4 11. Rfd1 Qe7 12. Rac1 Rfd8 13. Ne5 Nxd2 14. Rxd2
Nxe5 15. dxe5 Ba3 16. cxd5 Bxb2 17. Rxb2 exd5 18. Qc2 Qxe5 19. Rbb1 c5 20. b4
c4 21. Bxh7+ Kh8 22. Qf5 Qxf5 23. Bxf5 g6 24. Bg4 b5 25. Bf3 Rab8 26. Rd1 d4
27. Rxd4 Rxd4 28. exd4 Bxf3 29. gxf3 Rd8 30. Rd1 c3 31. d5 c2 32. Rc1 Rxd5 33.
Rxc2 Rd3 34. Kg2 Ra3 35. Kg3 Kg7 36. Kf4 Ra4 37. Rb2 a5 38. Ke5 axb4 39. Kd5
Ra3 40. Kc5 Rxf3 41. Kxb5 Rf4 42. h4 f5 43. Rxb4 Rxf2 44. a4 f4 45. a5 f3 46.
Rb3 Kh6 47. a6 Kh5 48. Kb6 Ra2 49. Rxf3 Kxh4 50. Rf4+ Kg3 51. Rf6 g5 52. Rf5 g4
53. Ra5 Rb2+ 54. Kc7 Rc2+ 55. Kd7 Rd2+ 56. Ke7 Rc2 57. Kd7 Rd2+ 58. Kc7 Rc2+
59. Kd7 Rd2+ 1/2-1/2

[Event "Elit(Vaxjo-Stockholms SS)"]
[Site "Elite stadshotellet, Kungsgat"]
[Date "2020.10.18"]
[Round "9"]
[White "Lindberg, Bengt"]
[Black "Seo, Jung Min"]
[Result "1/2-1/2"]
[WhiteElo "2401"]
[BlackElo "2448"]
[PlyCount "275"]
[EventDate "2020.??.??"]
1. e4 c6 2. d4 d5 3. Nc3 a6 4. Nf3 dxe4 5. Nxe4 Nf6 6. Nxf6+ exf6 7. c3 Bd6 8.
Bd3 Bg4 9. Qe2+ Qe7 10. Qxe7+ Bxe7 11. Nd2 Nd7 12. Nc4 a5 13. O-O O-O 14. Bf4
Be6 15. Rfe1 Rfd8 16. Bc7 Re8 17. a4 Bd8 18. Bg3 Be7 19. Nd6 Bxd6 20. Bxd6 Nb6
21. Bc5 Nd7 22. b4 axb4 23. cxb4 Nxc5 24. dxc5 Red8 25. Bf1 Rd4 26. Reb1 Kf8
27. a5 g6 28. f3 f5 29. b5 cxb5 30. Rxb5 Rd7 31. Kf2 Ke7 32. f4 Rc7 33. Rb6 Ra7
34. a6 bxa6 35. Rbxa6 Rxa6 36. Rxa6 Rxc5 37. Ra1 Rc2+ 38. Kg1 h5 39. h4 Rd2 40.
Re1 Kd6 41. Re3 Kc5 42. Rd3 Rb2 43. Rd1 Rc2 44. Bd3 Ra2 45. Bf1 Rb2 46. Kh2 Bd5
47. Kg3 Rc2 48. Re1 Rc3+ 49. Kf2 Kd4 50. Be2 Rc2 51. Kg3 Rc3+ 52. Bf3 Be6 53.
Rd1+ Kc5 54. Kf2 Rc4 55. Ke3 Rc2 56. Ra1 Kd6 57. Ra6+ Ke7 58. Ra7+ Kf6 59. Ra1
Kg7 60. Kd3 Rb2 61. Ke3 Rb4 62. Rc1 Ra4 63. Rb1 Ra7 64. Kf2 Bc4 65. Rb4 Ra2+
66. Ke3 Bf1 67. g3 Ra5 68. Rd4 Bb5 69. Rb4 Bd7 70. Rd4 Be6 71. Kf2 Ra2+ 72. Ke3
Kf6 73. Rd2 Ra1 74. Rd1 Ra7 75. Rd2 Bc4 76. Rd4 Bf1 77. Rd1 Bh3 78. Rd6+ Kg7
79. Rb6 Bg4 80. Bxg4 fxg4 81. Kf2 Ra2+ 82. Kg1 Re2 83. Ra6 Kf8 84. Ra7 Ke8 85.
Rb7 Rd2 86. Ra7 Rd7 87. Ra5 Rd3 88. Kg2 f5 89. Ra6 Kf7 90. Rb6 Re3 91. Ra6 Re6
92. Ra2 Ke7 93. Kf2 Kd6 94. Ra6+ Kd5 95. Ra5+ Kc4 96. Ra4+ Kb5 97. Ra1 Re4 98.
Ra8 Rd4 99. Rg8 Rd2+ 100. Kf1 Rd6 101. Ke2 Kc4 102. Ra8 Rb6 103. Rc8+ Kd5 104.
Rd8+ Rd6 105. Ra8 Ke4 106. Ra4+ Rd4 107. Ra3 Rc4 108. Re3+ Kd4 109. Rd3+ Kc5
110. Rd2 Rc3 111. Kf2 Kc4 112. Rd6 Rc2+ 113. Kf1 Kc5 114. Rd8 Ra2 115. Rd7 Kc4
116. Rd6 Kc5 117. Rd8 Rb2 118. Rd7 Rb6 119. Rd1 Rb4 120. Rd3 Rd4 121. Rc3+ Kd5
122. Re3 Rd2 123. Re8 Kd4 124. Re7 Kd3 125. Re8 Ra2 126. Re7 Ra4 127. Kf2 Ra2+
128. Kf1 Rc2 129. Re6 Rc4 130. Kf2 Rc2+ 131. Kf1 Rb2 132. Re7 Rh2 133. Re6 Ra2
134. Re7 Ra4 135. Kf2 Ra6 136. Re8 Ra2+ 137. Kf1 Ra4 138. Kf2 1/2-1/2

[Event "Elit(Wasa-LASK)"]
[Site "Elite stadshotellet, Kungsgat"]
[Date "2020.10.17"]
[Round "8"]
[White "Cramling, Dan"]
[Black "Jogstad, Martin"]
[Result "0-1"]
[WhiteElo "2296"]
[BlackElo "2302"]
[PlyCount "110"]
[EventDate "2020.??.??"]
1. c4 c6 2. d4 d5 3. Nc3 Nf6 4. e3 Bf5 5. cxd5 cxd5 6. Qb3 Nc6 7. Qxb7 Bd7 8.
Qb3 Rb8 9. Qd1 e5 10. dxe5 Nxe5 11. Be2 Bd6 12. Nf3 Nxf3+ 13. Bxf3 Qc7 14. h3
O-O 15. O-O Rfd8 16. Qd3 Bh2+ 17. Kh1 Be5 18. Rd1 Ne4 19. Bxe4 dxe4 20. Qc2 Bf5
21. Bd2 Rd3 22. Be1 Qd7 23. Qa4 Qxa4 24. Nxa4 Bxb2 25. Rab1 Rxd1 26. Rxd1 Ba3
27. Bc3 Be6 28. Bd4 a5 29. Bc5 Bxc5 30. Nxc5 Bxa2 31. Nxe4 Rb1 32. Nc3 Rxd1+
33. Nxd1 Bb3 34. Nc3 a4 35. Nb1 Kf8 36. Kg1 Ke7 37. Kf1 Kd6 38. Ke2 Kc5 39. Kd2
Kb4 40. Kc1 a3 41. Nd2 Kc3 42. Nb1+ Kd3 43. Nxa3 Ke2 44. f4 Kxe3 45. f5 Kf4 46.
Kd2 Bd5 47. g4 Bg2 48. Nc4 Bxh3 49. Nd6 Bxg4 50. f6 gxf6 51. Ke1 h5 52. Kf2 Bf3
53. Nxf7 h4 54. Nh8 Bh5 55. Kg2 Kg4 0-1

[Event "Elit(Vasteras-Limhamn)"]
[Site "Elite stadshotellet, Kungsgat"]
[Date "2020.10.17"]
[Round "8"]
[White "Sjodahl, Pontus"]
[Black "Lindgren, Philip"]
[Result "1/2-1/2"]
[WhiteElo "2430"]
[BlackElo "2356"]
[PlyCount "89"]
[EventDate "2020.??.??"]
1. d4 Nf6 2. c4 e6 3. Nf3 d5 4. Bg5 h6 5. Bxf6 Qxf6 6. Nc3 c6 7. e3 Nd7 8. Bd3
dxc4 9. Bxc4 Bd6 10. O-O O-O 11. Ne4 Qe7 12. Nxd6 Qxd6 13. Rc1 Qe7 14. Rc3 Rd8
15. Qe2 e5 16. dxe5 Nxe5 17. Nxe5 Qxe5 18. Rd1 Bf5 19. Rcc1 Be4 20. a3 Qg5 21.
f3 Bg6 22. Qf2 Re8 23. e4 Qf4 24. Qg3 Qxg3 25. hxg3 Rad8 26. Kf2 Kf8 27. g4 f6
28. Ke3 Ke7 29. f4 Rxd1 30. Rxd1 Rd8 31. Rxd8 Kxd8 32. b4 Ke7 33. Kd4 Be8 34.
Be2 Bd7 35. Bd1 Be6 36. Be2 Bb3 37. Bf3 Bf7 38. Bd1 Kd6 39. Be2 Bb3 40. Bf3 Ba2
41. Be2 Be6 42. Bd1 Bd7 43. Be2 Be6 44. Bd1 Bd7 45. Be2 1/2-1/2

[Event "Elit(Burgsvik-Vaxjo)"]
[Site "Elite stadshotellet, Kungsgat"]
[Date "2020.10.17"]
[Round "8"]
[White "Solodovnichenko, Yuri"]
[Black "Larsson, Victor"]
[Result "1/2-1/2"]
[WhiteElo "2574"]
[BlackElo "2186"]
[PlyCount "68"]
[EventDate "2020.??.??"]
1. e4 c5 2. Nf3 Nc6 3. Bb5 g6 4. Bxc6 dxc6 5. d3 Bg7 6. h3 e5 7. Be3 Qe7 8. Nc3
Nf6 9. Qd2 h6 10. O-O Nd7 11. Nh2 Nf8 12. f4 exf4 13. Bxf4 Ne6 14. Bg3 Nd4 15.
Rae1 O-O 16. Nd1 Bd7 17. Ne3 Qg5 18. Bf4 Qh5 19. Neg4 Bxg4 20. hxg4 Qh4 21. Re3
Qe7 22. Rh3 g5 23. Be3 Qd7 24. c3 Ne6 25. Rf5 b6 26. Nf1 Rad8 27. Qf2 Qc7 28.
Qc2 Rd7 29. Bf2 Nf4 30. Rf3 Qd8 31. d4 cxd4 32. cxd4 Bxd4 33. Bxd4 Rxd4 34.
Qxc6 Rd6 1/2-1/2

[Event "Elit(Stockholms SS-Rockaden,Sthlm)"]
[Site "Elite stadshotellet, Kungsgat"]
[Date "2020.10.17"]
[Round "8"]
[White "Socko, Bartosz"]
[Black "Seo, Jung Min"]
[Result "1/2-1/2"]
[WhiteElo "2619"]
[BlackElo "2448"]
[PlyCount "198"]
[EventDate "2020.??.??"]
1. d4 d5 2. c4 c6 3. Nf3 Nf6 4. Nbd2 g6 5. g3 Bg7 6. Bg2 O-O 7. O-O Bf5 8. b3
Nbd7 9. Bb2 Ne4 10. Nh4 Nxd2 11. Qxd2 Be6 12. e4 dxe4 13. Bxe4 Bh3 14. Rfe1 Nf6
15. Bg2 Bxg2 16. Kxg2 Qc7 17. Nf3 Rad8 18. a4 e6 19. Rad1 Rfe8 20. Bc3 b6 21.
Qb2 Nd7 22. Qc1 Qb7 23. Qc2 Qc7 24. Bd2 c5 25. Bg5 Nf6 26. d5 exd5 27. Rxe8+
Rxe8 28. Bxf6 Bxf6 29. Rxd5 Kg7 30. Qd3 Re7 31. Rd6 Be5 32. Rd5 Bf6 33. h4 h5
34. Rd6 Be5 35. Rd8 Bf6 36. Qd5 Qb7 37. Qxb7 Rxb7 38. Rd5 Kf8 39. Nd2 Ke8 40.
Ne4 Be7 41. Kf3 Rc7 42. Nc3 Rc6 43. Re5 Kd7 44. Nd5 Bd8 45. Re4 Rd6 46. Ke2 Rc6
47. Re3 Rd6 48. Nc3 Rc6 49. Rd3+ Ke7 50. Nb5 a6 51. Nc3 Ke8 52. Nd5 Rd6 53. Kf3
Rc6 54. Rd2 Rd6 55. Rd1 Rc6 56. Rd3 Rd6 57. Kf4 Rc6 58. f3 Rd6 59. Rd1 Re6 60.
Rd3 Rc6 61. Re3+ Kd7 62. Re2 Rd6 63. g4 Re6 64. Rd2 Ke8 65. g5 Rc6 66. Rd3 Re6
67. Rd1 Kf8 68. Kg3 Ke8 69. Kf2 Rc6 70. f4 f5 71. gxf6 Bxf6 72. Kg3 Bd8 73. f5
gxf5 74. Kf4 Rg6 75. Rd3 Rg4+ 76. Kxf5 Rxh4 77. Rg3 Rg4 78. Rxg4 hxg4 79. Kxg4
Kd7 80. Kf5 Kd6 81. Nc3 Bh4 82. Nd5 Bd8 83. Ke4 Ke6 84. Kf4 b5 85. Ke4 bxa4 86.
bxa4 Ba5 87. Nf4+ Kd6 88. Kf5 Bc3 89. Nd5 Bd4 90. Nf6 Kc6 91. Nd5 Kd6 92. Ke4
Bh8 93. Kf5 Bd4 94. Kg6 Ke5 95. Kf7 Bb2 96. Nc7 Kd4 97. Nxa6 Kxc4 98. Ke6 Ba3
99. Nxc5 Bxc5 1/2-1/2

[Event "Elit(LASK-Stockholms SS)"]
[Site "Elite stadshotellet, Kungsgat"]
[Date "2020.10.16"]
[Round "7"]
[White "Hauge, Lars Oskar"]
[Black "Smith, Axel"]
[Result "1/2-1/2"]
[WhiteElo "2493"]
[BlackElo "2469"]
[PlyCount "74"]
[EventDate "2020.??.??"]
1. e4 e6 2. d4 d5 3. Nd2 c5 4. exd5 Qxd5 5. dxc5 Bxc5 6. Ngf3 Nf6 7. Bc4 Qc6 8.
Qe2 O-O 9. O-O a6 10. Bd3 Nbd7 11. Ne4 Nxe4 12. Bxe4 Qc7 13. Bd3 Nf6 14. Bg5 h6
15. Bxf6 gxf6 16. Rad1 Re8 17. Rfe1 Qf4 18. g3 Qg4 19. Kg2 e5 20. Nh4 Qxe2 21.
Rxe2 Be6 22. Be4 Rad8 23. Red2 Rxd2 24. Rxd2 b5 25. Kf3 b4 26. Nf5 h5 27. Ne3
Bd4 28. b3 Rb8 29. Bd5 Bd7 30. Ke2 Rb5 31. Bf3 Kg7 32. Bxh5 Ra5 33. Bg4 Bb5+
34. Kf3 Bc6+ 35. Ke2 Bb5+ 36. Kf3 Bc6+ 37. Ke2 Bb5+ 1/2-1/2

[Event "Elit(Burgsvik-Limhamn)"]
[Site "Elite stadshotellet, Kungsgat"]
[Date "2020.10.16"]
[Round "7"]
[White "Haitin, Ilja"]
[Black "Brynell, Stellan"]
[Result "1/2-1/2"]
[WhiteElo "2349"]
[BlackElo "2409"]
[PlyCount "60"]
[EventDate "2020.??.??"]
1. d4 Nf6 2. c4 e6 3. Nc3 Bb4 4. e3 O-O 5. Nge2 d5 6. cxd5 exd5 7. g3 c6 8. Bg2
a5 9. O-O Re8 10. f3 c5 11. a3 cxd4 12. axb4 dxc3 13. Nxc3 Nc6 14. bxa5 Rxa5
15. Rxa5 Qxa5 16. Qa4 Qxa4 17. Nxa4 Bf5 18. Nb6 Ne5 19. f4 Nd3 20. Nxd5 Nxd5
21. Bxd5 b6 22. Bd2 Nxb2 23. Bc3 Na4 24. Bd4 Nc5 25. Ra1 h5 26. Ra7 Be6 27. Bf3
Bg4 28. Bd5 Be6 29. Bf3 Bg4 30. Bd5 Be6 1/2-1/2

[Event "Superettan(Rockaden,Sthlm-Vasteras)"]
[Site "?"]
[Date "2020.02.29"]
[Round "6"]
[White "Sjodahl, Pontus"]
[Black "Barkhagen, Jonas"]
[Result "1/2-1/2"]
[WhiteElo "2430"]
[BlackElo "2430"]
[PlyCount "86"]
1. d4 d5 2. c4 c6 3. Nf3 Nf6 4. Nbd2 Bf5 5. Nh4 Bg4 6. h3 Bh5 7. Qb3 Qb6 8. g4
Bg6 9. Qxb6 axb6 10. g5 Nfd7 11. Nxg6 hxg6 12. cxd5 cxd5 13. Nb3 Nc6 14. a3 Rh4
15. e3 e6 16. Bd2 f6 17. Rg1 Kf7 18. Bc3 Be7 19. Nd2 fxg5 20. Nf3 Rh5 21. O-O-O
Rf8 22. Bd3 Kg8 23. Be2 Rxh3 24. Nxg5 Bxg5 25. Rxg5 Rxf2 26. Bd3 Rxe3 27. Bxg6
Ref3 28. Rgg1 Nf6 29. Rde1 Ne7 30. Bc2 Kf7 31. Bb4 Nf5 32. Kb1 Nxd4 33. Bg6+
Kg8 34. Rc1 Nc6 35. Bd6 Re2 36. Bc2 Rff2 37. Bc7 d4 38. Rg3 Nd5 39. Bd6 Ne3 40.
Rcg1 Rxc2 41. Rxg7+ Kh8 42. Rg8+ Kh7 43. R8g7+ Kh8 1/2-1/2

[Event "Superettan(Rockaden,Sthlm-Vasteras)"]
[Site "?"]
[Date "2020.02.29"]
[Round "6"]
[White "Neiksans, Arturs"]
[Black "Pantzar, Milton"]
[Result "1/2-1/2"]
[WhiteElo "2560"]
[BlackElo "2406"]
[PlyCount "81"]
1. Nf3 d5 2. g3 g6 3. Bg2 Bg7 4. d4 Nf6 5. O-O O-O 6. c4 c6 7. b3 dxc4 8. bxc4
c5 9. Bb2 cxd4 10. Nxd4 Qb6 11. Qc1 Bd7 12. Nd2 Rc8 13. Rb1 Qa6 14. Bc3 Nc6 15.
Qb2 Rab8 16. N4b3 b6 17. Rfd1 Bf5 18. Rbc1 Qa4 19. Nd4 Nxd4 20. Bxd4 Rd8 21.
Qb3 Qe8 22. Nf1 Bd7 23. Qa3 Ba4 24. Rd3 a5 25. Be5 Rxd3 26. exd3 Rc8 27. Ne3
Bc6 28. Rb1 Bxg2 29. Kxg2 Qc6+ 30. Kg1 Qe6 31. Qb2 Rd8 32. d4 Nd7 33. Bxg7 Kxg7
34. a3 Rc8 35. Qb5 Qd6 36. Qb2 e5 37. dxe5 Qxe5 38. Qxe5+ Nxe5 39. Rxb6 Nxc4
40. Rb5 Nxa3 41. Rxa5 1/2-1/2

[Event "Superettan(Rockaden,Sthlm-Vasteras)"]
[Site "?"]
[Date "2020.02.29"]
[Round "6"]
[White "Bergstrom, Peter"]
[Black "Hedman, Erik"]
[Result "1/2-1/2"]
[WhiteElo "2305"]
[BlackElo "2376"]
[PlyCount "92"]
1. e4 c5 2. Nf3 Nc6 3. d4 cxd4 4. Nxd4 Nf6 5. Nc3 d6 6. Be2 e5 7. Nf3 h6 8. O-O
Be6 9. Re1 Be7 10. h3 O-O 11. Bf1 Rc8 12. Nd5 Nb8 13. c4 Nbd7 14. b4 a5 15. a3
Nb6 16. Qb3 Nfxd5 17. exd5 Bf5 18. Be3 Nd7 19. Rac1 axb4 20. axb4 b6 21. Red1
Kh8 22. Ra1 Bg6 23. Ra7 f5 24. Rda1 Bf6 25. Rb7 f4 26. Bc1 Rc7 27. Raa7 Rxb7
28. Rxb7 e4 29. Nh2 Qc8 30. Ra7 b5 31. Bb2 bxc4 32. Bxc4 Ne5 33. Bf1 Qb8 34.
Ra6 e3 35. b5 exf2+ 36. Kxf2 Be4 37. Ng4 Nxg4+ 38. hxg4 Bh4+ 39. Kg1 f3 40. Qc4
fxg2 41. Bxg2 Bxg2 42. Kxg2 Rf2+ 43. Kh3 Rf3+ 44. Kg2 Rf2+ 45. Kh3 Rf3+ 46. Kg2
Rf2+ 1/2-1/2

[Event "Superettan(Rockaden,Sthlm-Vasteras)"]
[Site "?"]
[Date "2020.02.29"]
[Round "6"]
[White "Blomqvist, Erik"]
[Black "Akesson, Ralf"]
[Result "1/2-1/2"]
[WhiteElo "2539"]
[BlackElo "2379"]
[PlyCount "119"]
[EventDate "2020.??.??"]
1. Nf3 Nf6 2. c4 c5 3. Nc3 e6 4. g3 b6 5. Bg2 Bb7 6. O-O Be7 7. Re1 d5 8. cxd5
exd5 9. d4 O-O 10. b3 Ne4 11. Bb2 Bf6 12. Rc1 Na6 13. e3 Re8 14. Ne2 Rc8 15.
Nf4 g6 16. Re2 Rc7 17. a3 Qe7 18. dxc5 Bxb2 19. Rxb2 Rxc5 20. b4 Rxc1 21. Qxc1
Rc8 22. Rc2 Rxc2 23. Qxc2 Qc7 24. Qa4 Qc6 25. Bf1 Nc3 26. Qc2 Nb8 27. Nd4 Qc7
28. h4 Nd7 29. g4 Nf6 30. f3 Ne8 31. Kf2 Nd6 32. Qd2 a5 33. Bd3 axb4 34. axb4
Qc8 35. Qc2 Qc7 36. Qb3 Qc8 37. Ke1 b5 38. Kd2 Na4 39. Nxb5 Nxb5 40. Bxb5 Nb6
41. g5 Nc4+ 42. Ke2 Ne5 43. Kf2 d4 44. exd4 Nxf3 45. d5 Nxh4 46. d6 Qc1 47. Ne2
Qxg5 48. d7 Qf6+ 49. Ke1 Nf3+ 50. Kd1 Ne5 51. Qc3 Kg7 52. Qd4 Nxd7 53. Bxd7
Qxd4+ 54. Nxd4 Kf6 55. Ke2 Ke7 56. Bg4 h5 57. Bf3 Bxf3+ 58. Kxf3 Kd6 59. Ke4 h4
60. Nf3 1/2-1/2

[Event "Superettan(Rockaden,Sthlm-Vasteras)"]
[Site "?"]
[Date "2020.02.29"]
[Round "6"]
[White "Norberg, Johan"]
[Black "Zadruzny, Nicolaj"]
[Result "1/2-1/2"]
[WhiteElo "2304"]
[BlackElo "2338"]
[PlyCount "99"]
1. g3 Nf6 2. Bg2 d5 3. Nf3 e6 4. O-O Be7 5. b3 O-O 6. Bb2 b6 7. c4 c5 8. cxd5
Nxd5 9. d4 cxd4 10. Nxd4 Bb7 11. Nd2 Nc6 12. Nxc6 Bxc6 13. Nc4 Nb4 14. e4 Qxd1
15. Rfxd1 Rfd8 16. Rxd8+ Rxd8 17. Bc3 Bc5 18. Bxb4 Bxb4 19. Rc1 Bc5 20. a3 Bb7
21. e5 Bxg2 22. Kxg2 Kf8 23. f4 Be7 24. a4 Bb4 25. Kf3 Ke7 26. Ke2 h5 27. Rd1
Rxd1 28. Kxd1 Bc5 29. Ke2 Kd7 30. Nd2 Kc6 31. Kd3 Kd5 32. Ne4 Be7 33. h3 a6 34.
g4 hxg4 35. hxg4 b5 36. axb5 axb5 37. g5 Bb4 38. Ng3 Ba3 39. Ne2 Kc5 40. Nd4
Bb2 41. g6 fxg6 42. Nxe6+ Kd5 43. Nxg7 Bc1 44. e6 Kd6 45. f5 Bb2 46. Ne8+ Ke7
47. Nc7 gxf5 48. Nxb5 Kxe6 49. Nd4+ Bxd4 50. Kxd4 1/2-1/2

[Event "Superettan(Rockaden,Sthlm-Vasteras)"]
[Site "?"]
[Date "2020.02.29"]
[Round "6"]
[White "Berovski, Krum"]
[Black "Nilsson, Andre"]
[Result "1/2-1/2"]
[WhiteElo "2338"]
[BlackElo "2264"]
[PlyCount "26"]
1. d4 g6 2. e4 d6 3. Nc3 c6 4. Bg5 Bg7 5. Qd2 b5 6. a3 Nd7 7. f4 Qb6 8. Nf3 a6
9. Be2 c5 10. Nd5 Qc6 11. Qa5 Rb8 12. Nc7+ Kf8 13. Nd5 Bb7 1/2-1/2

[Event "Superettan(Rockaden,Sthlm-Vasteras)"]
[Site "?"]
[Date "2020.02.29"]
[Round "6"]
[White "Petersson, Baldur Teodor"]
[Black "Crevatin, Leo"]
[Result "1/2-1/2"]
[WhiteElo "2247"]
[BlackElo "2247"]
[PlyCount "77"]
1. e4 c5 2. Nc3 Nc6 3. g3 g6 4. Bg2 Bg7 5. d3 d6 6. Be3 e5 7. Qd2 Nge7 8. f4
Nd4 9. Nd1 O-O 10. c3 Ndc6 11. Nf3 f5 12. O-O Kh8 13. fxe5 Nxe5 14. Nxe5 Bxe5
15. d4 cxd4 16. Bxd4 Nc6 17. Bxe5+ dxe5 18. Qxd8 Rxd8 19. Ne3 fxe4 20. Bxe4 Be6
21. Rfd1 Kg7 22. b3 Rac8 23. Kf2 Kf7 24. Rxd8 Rxd8 25. Rd1 Rxd1 26. Nxd1 Ke7
27. Ke3 Kd6 28. Nf2 Nd8 29. Bd3 b6 30. g4 Nf7 31. h4 Nh6 32. Kf3 Ke7 33. c4 a5
34. a3 Nf7 35. Ke4 g5 36. hxg5 Kd6 37. g6 hxg6 38. Ke3 g5 39. b4 1/2-1/2

[Event "Superettan(Rockaden,Sthlm-Vasteras)"]
[Site "?"]
[Date "2020.02.29"]
[Round "6"]
[White "Engqvist, Thomas"]
[Black "Norberg, Erik"]
[Result "1-0"]
[WhiteElo "2325"]
[BlackElo "2241"]
[PlyCount "63"]
1. Nf3 g6 2. e4 Bg7 3. d4 d6 4. h3 Nf6 5. Bd3 O-O 6. c3 c6 7. O-O Qc7 8. Bf4
Nbd7 9. Nbd2 e5 10. Bh2 Nh5 11. Re1 h6 12. a4 Rb8 13. Nc4 b5 14. axb5 cxb5 15.
Ne3 a6 16. Nd5 Qd8 17. g4 Nhf6 18. Nb4 Rb6 19. dxe5 dxe5 20. Nxe5 Bb7 21. Nxd7
Nxd7 22. Bf1 f5 23. Nd5 fxg4 24. Nxb6 Qxb6 25. Qxd7 Qxf2+ 26. Kh1 g3 27. Qe6+
Kh8 28. Bg1 Qxb2 29. Bg2 Bxc3 30. Qe7 Rb8 31. Rab1 Qa2 32. Qc7 1-0

[Event "Elit(Wasa-Vasteras)"]
[Site "?"]
[Date "2020.02.02"]
[Round "4"]
[White "Berg, Emanuel"]
[Black "Bergstrom, Peter"]
[Result "1-0"]
[WhiteElo "2544"]
[BlackElo "2305"]
[PlyCount "103"]
[EventDate "2020.??.??"]
1. e4 c6 2. Nc3 d5 3. d4 dxe4 4. Nxe4 Bf5 5. Ng3 Bg6 6. Nh3 e6 7. Nf4 Bd6 8. h4
Qc7 9. Nxg6 hxg6 10. Ne4 Bf4 11. Bxf4 Qxf4 12. Ng5 Nd7 13. g3 Qd6 14. Bg2 Ngf6
15. Qd3 Qd5 16. c3 Qa5 17. a4 O-O 18. b4 Qc7 19. h5 gxh5 20. Rxh5 Rfd8 21.
O-O-O Ne5 22. Qe2 Neg4 23. Rdh1 Nxh5 24. Qxg4 g6 25. Be4 f5 26. Nxe6 fxg4 27.
Nxc7 Rac8 28. Ne6 Rd6 29. Bxg6 Rxe6 30. Bxh5 Re4 31. Rh4 Rf8 32. f4 Re1+ 33.
Kd2 Rg1 34. Rxg4+ Kh7 35. Bg6+ Kg7 36. Be4+ Kf7 37. d5 Rd8 38. c4 cxd5 39.
Bxd5+ Kf6 40. a5 b5 41. axb6 axb6 42. Rg5 Rb1 43. Kc3 Re8 44. g4 Re3+ 45. Kd4
Rg3 46. Rf5+ Ke7 47. Rf7+ Ke8 48. Rg7 Rxb4 49. Ke5 Rd3 50. f5 b5 51. Kd6 bxc4
52. Rg8# 1-0

[Event "Elit(LASK-Eksjo)"]
[Site "?"]
[Date "2020.02.02"]
[Round "4"]
[White "Smith, Axel"]
[Black "Lukez, Franko"]
[Result "1/2-1/2"]
[WhiteElo "2469"]
[BlackElo "2324"]
[PlyCount "66"]
1. Nf3 Nf6 2. c4 g6 3. g3 Bg7 4. Bg2 O-O 5. O-O c5 6. d4 d6 7. Nc3 Nc6 8. dxc5
dxc5 9. Be3 Be6 10. Qa4 Nd4 11. Rad1 Bd7 12. Qa3 Nc2 13. Qxc5 b6 14. Qg5 h6 15.
Qf4 g5 16. Qe5 Ng4 17. Qe4 Ncxe3 18. fxe3 Bxc3 19. bxc3 Nf6 20. Qd4 Ba4 21. Rd2
Rc8 22. c5 Qxd4 23. Rxd4 Bb5 24. cxb6 axb6 25. Rb4 Bxe2 26. Re1 Bc4 27. Nd4
Bxa2 28. Nf5 Rxc3 29. Nxe7+ Kh7 30. Rxb6 Be6 31. e4 Rd8 32. Nd5 Bxd5 33. Rxf6
Be6 1/2-1/2

[Event "Elit(Wasa-Vasteras)"]
[Site "?"]
[Date "2020.02.02"]
[Round "4"]
[White "Akesson, Ralf"]
[Black "Sagit, Rauan"]
[Result "1/2-1/2"]
[WhiteElo "2379"]
[BlackElo "2429"]
[PlyCount "40"]
[EventDate "2020.??.??"]
1. d4 d5 2. c4 e6 3. Nc3 Nf6 4. cxd5 exd5 5. Bg5 Be7 6. e3 c6 7. Qc2 h6 8. Bh4
O-O 9. Bd3 Re8 10. Nge2 Ng4 11. Bg3 Bh4 12. Nf4 Nd7 13. O-O-O Nf8 14. Kb1 Ne6
15. Nh5 Be7 16. Ne2 Nf6 17. Nxf6+ Bxf6 18. h4 Bd7 19. Rc1 Rc8 20. Qb3 Qb6
1/2-1/2

[Event "Elit(LASK-Eksjo)"]
[Site "?"]
[Date "2020.02.02"]
[Round "4"]
[White "Gajic, Mladen"]
[Black "Antonsen, Mikkel"]
[Result "1-0"]
[WhiteElo "2295"]
[BlackElo "2384"]
[PlyCount "107"]
1. d4 Nf6 2. Bg5 d5 3. Bxf6 gxf6 4. c4 e5 5. cxd5 Qxd5 6. Nc3 Qxd4 7. Qxd4 exd4
8. Nb5 Bb4+ 9. Kd1 Na6 10. Nxd4 O-O 11. Ngf3 Rd8 12. Kc1 Bf8 13. e3 Nc5 14. Be2
a5 15. Rf1 a4 16. Kc2 a3 17. b3 Na6 18. Bxa6 Rxa6 19. Rad1 Ra5 20. Nh4 Rc5+ 21.
Kb1 Rcd5 22. Kc1 b6 23. Nc2 Ba6 24. Rxd5 Rxd5 25. Rd1 Bd3 26. Ne1 Rc5+ 27. Kd2
Ba6 28. Nd3 Rh5 29. g3 c5 30. Nf4 Re5 31. Kc3 b5 32. Rd8 Bb7 33. Nd3 Rd5 34.
Rb8 b4+ 35. Kc2 Bc6 36. e4 Rd4 37. f3 c4 38. Nxb4 cxb3+ 39. Kxb3 Bd7 40. Nd5
Kg7 41. Kc3 Rd1 42. Ne3 Rc1+ 43. Kd3 Ra1 44. Nef5+ Bxf5 45. Nxf5+ Kg8 46. h4
Rxa2 47. h5 h6 48. Nxh6+ Kh7 49. Rxf8 Kxh6 50. Rxf7 Kg5 51. h6 Rh2 52. h7 Kg6
53. Ra7 Rxh7 54. Rxh7 1-0

[Event "Elit(Wasa-Vasteras)"]
[Site "?"]
[Date "2020.02.02"]
[Round "4"]
[White "Cramling, Dan"]
[Black "Vaarala, Eric"]
[Result "1-0"]
[WhiteElo "2296"]
[BlackElo "2305"]
[PlyCount "103"]
[EventDate "2020.??.??"]
1. d4 Nf6 2. c4 e6 3. Nc3 c5 4. d5 d6 5. e4 e5 6. g3 Be7 7. Nf3 a6 8. a4 a5 9.
Bg2 Na6 10. O-O Bg4 11. h3 Bd7 12. Ne1 Qc8 13. Kh2 g5 14. Bxg5 Ng4+ 15. hxg4
Bxg5 16. Nb5 Be7 17. Bf3 Rg8 18. Nc2 Bxg4 19. Ne3 Bd7 20. Bh5 Rg7 21. f4 Nc7
22. fxe5 Nxb5 23. cxb5 dxe5 24. Rxf7 Rxf7 25. Qf3 Kd8 26. Qxf7 c4 27. Rc1 Qc5
28. Nxc4 Rc8 29. Rc3 Qb4 30. Qg8+ Kc7 31. Nxe5+ Qxc3 32. Qxc8+ Bxc8 33. bxc3
Bf6 34. Nc4 Bxc3 35. Kg2 Bb4 36. Kf3 Bh3 37. Ke2 b6 38. Bf3 Bd7 39. e5 Bc5 40.
d6+ Kd8 41. Bd5 Bg4+ 42. Kd3 Kd7 43. Be4 Bh3 44. Ke2 Bg4+ 45. Kd2 h5 46. Bd5
Bf2 47. Kd3 Be6 48. Ke4 Bg4 49. Kf4 Bd4 50. Ne3 Be2 51. Nf5 Bc5 52. e6+ 1-0